Differential-geometrical methods in statistics
Αποθηκεύτηκε σε:
| Κύριος συγγραφέας: | |
|---|---|
| Μορφή: | Βιβλίο |
| Γλώσσα: | English |
| Δημοσίευση: |
Berlin : New York :
Springer-Verlag,
1990
|
| Έκδοση: | Corr. 2nd print |
| Σειρά: | Lecture notes in statistics (Springer-Verlag)
; 28 |
| Θέματα: | |
| Ετικέτες: |
Προσθήκη ετικέτας
Δεν υπάρχουν, Καταχωρήστε ετικέτα πρώτοι!
|
MARC
| LEADER | 00000nam a2200000 i 4500 | ||
|---|---|---|---|
| 001 | 1/30351 | ||
| 008 | 941103s1990 eng d | ||
| 020 | |a 0387960562 | ||
| 020 | |a 3540960562 | ||
| 035 | |l 10038547 | ||
| 035 | |a 1990 |c ΜΑΡΑΣ | ||
| 040 | |a GR-MY-UA |b gre |e aacr | ||
| 041 | 0 | |a eng | |
| 082 | 0 | |a 519.5 |2 (20) | |
| 100 | 1 | |a Amari, Shunichi. | |
| 245 | 1 | 0 | |a Differential-geometrical methods in statistics / |c Shun-ichi Amari |
| 250 | |a Corr. 2nd print | ||
| 260 | |a Berlin : |a New York : |b Springer-Verlag, |c 1990 | ||
| 300 | |a v, 294 p.; |b ill.; |c 25 cm | ||
| 490 | 1 | |a Lecture notes in statistics |v ; 28 | |
| 504 | |a Includes bibliographical references (p. [276]-290) and index | ||
| 650 | 0 | 0 | |a Mathematical statistics. |
| 650 | 0 | 0 | |a Geometry, Differential. |
| 830 | 0 | |a Lecture notes in statistics (Springer-Verlag) |v ; 28 | |
| 852 | |a INST |b SAMOS |e 19941103 |h 519.5 AMA |p 005300003995 |q 005300003995 |t BK |y 0 | ||
| 909 | |a Σ |b 018067 | ||